000
00324 a2200109 4500
001
ART_50481
005
20260410161632.0
008
260409a
245
1
0
_a
Análisis de estados contables en contextos de inflación
100
1
_a
García, Fernando G.
773
0
_t
Enfoques
_g
- N°12 (dic. 2019)
_w
REV416
999
_c
12515
_d
12515